MARC details
| 000 -CABECERA |
| campo de control de longitud fija |
00976nam a2200229 a 4500 |
| 001 - NÚMERO DE CONTROL |
| campo de control |
000023563 |
| 005 - FECHA Y HORA DE LA ÚLTIMA TRANSACCIÓN |
| campo de control |
20200930022318.0 |
| 008 - DATOS DE LONGITUD FIJA--INFORMACIÓN GENERAL |
| campo de control de longitud fija |
101213s1998 ve a r 000 0 spa d |
| 020 ## - NÚMERO INTERNACIONAL ESTÁNDAR DEL LIBRO |
| Número Internacional Estándar del Libro |
9800012265 |
| ISBN cancelado o inválido |
9800751149 |
| 040 ## - FUENTE DE LA CATALOGACIÓN |
| Centro catalogador/agencia de origen |
DO-SdBNP |
| Lengua de catalogación |
spa |
| Centro/agencia transcriptor |
BNPHU |
| 082 ## - NÚMERO DE LA CLASIFICACIÓN DECIMAL DEWEY |
| Número de clasificación |
338.9187 |
| Número de documento/Ítem |
Z94e |
| 049 ## - FONDOS LOCALES (OCLC) |
| Fondos de biblioteca |
BNGR |
| 100 1# - ENTRADA PRINCIPAL--NOMBRE DE PERSONA |
| Nombre de persona |
Zuleta Ibargüen, Guido, |
| 9 (RLIN) |
48571 |
| 245 10 - MENCIÓN DE TÍTULO |
| Título |
Evaluación de proyectos y desarrollo sustentable / |
| Mención de responsabilidad, etc. |
Guido Zuleta Ibargüen ; introducción de Juan Guillermo Espinosa. |
| 260 ## - PUBLICACIÓN, DISTRIBUCIÓN, ETC. |
| Lugar de publicación, distribución, etc. |
Caracas ; |
| -- |
Santiago de Chile : |
| Nombre del editor, distribuidor, etc. |
Centro Interamericano de Enseñanza de Estadística ; |
| -- |
Centro de Estudios del Desarrollo Universidad Central de Venezuela, |
| Fecha de publicación, distribución, etc. |
1998. |
| 300 ## - DESCRIPCIÓN FÍSICA |
| Extensión |
xiv, 204 p. : |
| Otras características físicas |
il. ; |
| Dimensiones |
23 cm. |
| 504 ## - NOTA DE BIBLIOGRAFÍA, ETC. |
| Nota de bibliografía, etc. |
Incluye referencias bibliográficas y notas al pie de las páginas. |
| 650 #4 - PUNTO DE ACCESO ADICIONAL DE MATERIA--TÉRMINO DE MATERIA |
| Término de materia o nombre geográfico como elemento de entrada |
Crecimiento y desarrollo |
| 9 (RLIN) |
48572 |
| 650 #4 - PUNTO DE ACCESO ADICIONAL DE MATERIA--TÉRMINO DE MATERIA |
| Término de materia o nombre geográfico como elemento de entrada |
Crecimiento sostenible |
| 9 (RLIN) |
48573 |
| 650 #4 - PUNTO DE ACCESO ADICIONAL DE MATERIA--TÉRMINO DE MATERIA |
| Término de materia o nombre geográfico como elemento de entrada |
Evaluación de proyectos |
| 9 (RLIN) |
20596 |
| 700 1# - PUNTO DE ACCESO ADICIONAL--NOMBRE DE PERSONA |
| Nombre de persona |
Espinosa, Juan Guillermo, |
| Término indicativo de función/relación |
intr. |
| 9 (RLIN) |
48574 |